| 000 | 02440cam a2200361 a 4500 | ||
|---|---|---|---|
| 999 |
_c330888 _d330888 |
||
| 001 | 17184077 | ||
| 003 | NUST | ||
| 005 | 20170823140605.0 | ||
| 008 | 120227s2012 caua b 001 0 eng | ||
| 010 | _a 2012357086 | ||
| 020 | _a9781111521271 (pbk.) | ||
| 020 | _z1111521271 (pbk.) | ||
| 035 | _a(OCoLC)ocn750116049 | ||
| 040 |
_aAU@ _beng _cAU@ _dUNL _dYDXCP _dOUN _dMUU _dDLC |
||
| 042 | _alccopycat | ||
| 050 | 0 | 0 |
_aHF5381 _b.Z87 2012 |
| 082 | 0 | 4 |
_a153.94 OSB _222 |
| 100 | 1 |
_aZunker, Vernon G., _d1927- _94035 |
|
| 245 | 1 | 0 |
_aUsing assessment results for career development : _bcareer counseling : a holistic approach / _cVernon Zunker ; prepared by Debra Osborn, Vernon Zunker. |
| 250 | _a8th ed. | ||
| 260 |
_aBelmont, CA : _bBrooks/Cole Cengage Learning, _cc2012. |
||
| 300 |
_aix, 249, [34] p. : _bill. ; _c28 cm. |
||
| 500 | _aOsborn's name appears first in the 7th ed. | ||
| 500 | _aOsborn's name appears first on the cover of the 8th ed. | ||
| 504 | _aIncludes bibliographical references and indexes. | ||
| 505 | 0 | _aA conceptual model for using assessment results -- Interpreting assessment results -- Some measurement concepts -- Ethics and career assessment. -- Aptitude and achievement tests -- Interest inventories -- Personality inventories -- Career decision inventories -- Computer-assisted career guidance and online career assessments -- Card sorts and other non-standardized assessment approaches -- Combining assessment results. | |
| 520 | _a"An excellent resource in both career development and tests and measurement courses, USING ASSESSMENT RESULTS FOR CAREER DEVELOPMENT, 8e vividly illustrates how to use assessment instruments to increase clients' self-awareness and help them make rational career choices. Extremely practical, this hands-on worktext delivers detailed information on applying knowledge of tests and measurements in clinical settings and using assessment results in a wide variety of counseling situations. Through case studies, charts, bulleted/numbered lists, dialogues, agency addresses, and more, students learn to truly master the use of assessment results."--Publisher's website. | ||
| 650 | 0 |
_aVocational guidance. _94031 |
|
| 650 | 0 |
_aOccupational aptitude tests. _94036 |
|
| 650 | 0 |
_aVocational interests. _94037 |
|
| 700 | 1 |
_aOsborn, Debra S., _d1968- _94038 |
|
| 906 |
_a7 _bcbc _ccopycat _d3 _encip _f20 _gy-gencatlg |
||
| 942 |
_2ddc _cBK |
||